Eurovision Top 5 2011-2021 - Statistics

General Stats
  • This quiz has been taken 379 times
    371 since last reset
  • The average score is 45 of 50
Answer Stats
Eurovision 20 Country % Correct
2nd Italy
99%
3rd Italy
99%
5th Italy
99%
2nd Italy
99%
1st Italy
99%
3rd Sweden
99%
1st Sweden
99%
3rd Sweden
99%
1st Sweden
99%
5th Sweden
99%
5th Sweden
99%
5th Sweden
99%
4th Ukraine
98%
3rd Ukraine
98%
1st Ukraine
98%
5th Ukraine
98%
5th Denmark
96%
1st Denmark
96%
1st Portugal
96%
1st Austria
95%
3rd Austria
95%
2nd France
95%
1st Israel
95%
2nd Netherlands
95%
1st Netherlands
95%
2nd Russia
93%
5th Russia
93%
2nd Russia
93%
3rd Russia
93%
3rd Russia
93%
4th Switzerland
92%
3rd Switzerland
92%
1st Azerbaijan
91%
4th Azerbaijan
91%
2nd Azerbaijan
91%
4th Germany
87%
2nd Cyprus
86%
4th Norway
83%
4th Bulgaria
82%
2nd Bulgaria
82%
5th Australia
81%
2nd Australia
81%
4th Belgium
80%
4th Belgium
80%
4th Iceland
80%
3rd Moldova
73%
3rd Serbia
73%
4th Armenia
69%
5th Hungary
64%
5th Albania
59%
No matching quizzes found
Score Distribution
Percent of People with Each Score
Percentile by Number Answered
Your Score History
You have not taken this quiz since the last reset